[Event "Maranhense-ch I Etapa"]
[Site "Imperatriz"]
[Date "2003.??.??"]
[Round "1"]
[White "Nakayama, Felix"]
[Black "Tavares, Emerson"]
[Result "1-0"]
[WhiteElo "1826"]
[BlackElo "1705"]
[PlyCount "71"]
[EventDate "2003.02.03"]
[EventType "swiss"]
[EventRounds "7"]
[EventCountry "BRA"]
[SourceTitle "EXT 2006"]
[Source "ChessBase"]
[SourceDate "2005.11.24"]
[SourceVersion "1"]
[SourceVersionDate "2005.11.24"]
[SourceQuality "1"]

1. d4 d5 2. c4 e6 3. Nc3 dxc4 4. e3 Nf6 5. Bxc4 Bd6 6. Nf3 Nc6 7. 0-0 b6 8. Qa4 Bb7 9. Rd1 0-0 10. Ne5 Nxe5 11. dxe5 Qe8 12. Qxe8 Rfxe8 13. exd6 cxd6 14. Rxd6 Rac8 15. b3 Rcd8 16. Ba3 Rxd6 17. Bxd6 Rd8 18. Rd1 Ne8 19. Be7 Rxd1+ 20. Nxd1 a6 21. Nc3 b5 22. Bd3 Nc7 23. Be4 Bxe4 24. Nxe4 Nd5 25. Bd8 f5 26. Nc5 Nc3 27. a3 e5 28. Nxa6 Nb1 29. Be7 Kf7 30. Bb4 e4 31. Nc7 Kg6 32. Nxb5 Kg5 33. a4 f4 34. a5 fxe3 35. fxe3 h5 36. a6 1-0

[Event "BRA-ch Etapa 9th"]
[Site "Teresina"]
[Date "2002.09.??"]
[Round "4"]
[White "Lobato, Nivaldo"]
[Black "Nakayama, Felix"]
[Result "1-0"]
[WhiteElo "1966"]
[BlackElo "1774"]
[PlyCount "27"]
[EventDate "2002.10.03"]
[EventType "swiss"]
[EventRounds "6"]
[EventCountry "BRA"]
[SourceTitle "EXT 2006"]
[Source "ChessBase"]
[SourceDate "2005.11.24"]
[SourceVersion "1"]
[SourceVersionDate "2005.11.24"]
[SourceQuality "1"]

1. d4 d5 2. c4 c6 3. Nc3 Nf6 4. e3 Nbd7 5. Nf3 Qc7 6. cxd5 cxd5 7. Nb5 Qc6 8. Bd2 Kd8 9. Rc1 Qb6 10. Qa4 Qa6 11. Qc2 Qc6 12. Qb3 Qb6 13. Ng5 a6 14. Qa4 1-0